000 01838nas a2200277Ia 4500
001 R235-R2301
003 IT-CnALBA
008 170116c99999999xx |||||||||||| ||und||
040 _aIT-CnALBA
_cIT-CnALBA
041 _aITALIANO
100 _aBERGAMASCHI PIETRO, MONS. DOTT.
210 _aREGINA DEI CUORI
222 _aREGINA DEI CUORI
245 0 _aREGINA DEI CUORI. N. II. ANNO I. MARZO 1915. RIVISTA MENSILE DELLA DIVOZIONE DI MARIANA.
_b RIVISTA MENSILE DELLA DIVOZIONE DI MARIANA
250 _a1a ed.
260 _a ROMA
_bFERRARI FRANCESCO LIBR. ED. REL.
_c1915
300 _a31 p.
310 _aMENSILE
362 _aFascicolo: 11 / Anno: 1 (1915)
500 _aCOMMENTO AL TRATTATO DELLA VERA DEVOZIONE A MARIA VERGINE. GLOSSA LETTERALE. GEBHARD H. M. TACCUINO INEDITO DEL SANTO GRIGNION DE MONTFORT. AVE MARIA. FIORE DELLA VERGINE, POESIA. DE GIOVANNI A. FESTA DELL'ANNUNCIAZIONE. INSEGNAMENTO DI MARIA. CREAZIONE SOVRANA IN MARIA. VITA DEL BEATO GRIGNION DE MONTFORT. NOTE D'ARTE, L'ANNUNCIAZIONE. THIOLY C. VISITA IN TERRASANTA, IMPRESSIONI ED EMOZIONI. TERESA PIA. CRONACA DELL'ARCICONFRATERNITA. PRATICA DEL MESE. POSTA DEI LETTORI.
501 _aSocietà San Paolo EM - Piazza San Paolo, 14 - 12051 ALBA (CN) (non commercial uses only) ® Copyright 2017
520 _aCOMMENTO AL TRATTATO DELLA VERA DEVOZIONE A MARIA VERGINE. GLOSSA LETTERALE. GEBHARD H. M. TACCUINO INEDITO DEL SANTO GRIGNION DE MONTFORT. AVE MARIA. FIORE DELLA VERGINE, POESIA. DE GIOVANNI A. FESTA DELL'ANNUNCIAZIONE. INSEGNAMENTO DI MARIA. CREAZIONE SOVRANA IN MARIA. VITA DEL BEATO GRIGNION DE MONTFORT. NOTE D'ARTE, L'ANNUNCIAZIONE. THIOLY C. VISITA IN TERRASANTA, IMPRESSIONI ED EMOZIONI. TERESA PIA. CRONACA DELL'ARCICONFRATERNITA. PRATICA DEL MESE. POSTA DEI LETTORI.
650 _aMARIOLOGIA
942 _cCR
957 _71
999 _a12278
_bSI
_g1
_c320375
_d320375